[Event "Invitation"]
[Site "http://www.queenalice.com/game.php?id=131161"]
[Date "2006.11.19"]
[Round "-"]
[White "Cappy"]
[Black "ROWE"]
[Result "1-0"]
[WhiteElo "1144"]
[BlackElo "1500"]

1. e4 Nf6 2. Nc3 e5 3. Nf3 Nc6 4. d4 d6 5. dxe5 Nxe5 6. Qd4 Nc6 7. Qe3 b6 8. e5
Ng4 9. Qg5 Qd7 10. h3 Nh6 11. Bf4 Qf5 12. Nb5 Qe4+ 13. Be2 f6 14. exf6 Rg8 15.
Nxc7+ Kf7 16. Nxa8 Qb4+ 17. Kd1 Bf5 18. g4 Be4 19. Qb5 Qc5 20. Qxc5 bxc5 21.
fxg7 Bxg7 22. Nc7 Na5 23. Nb5 d5 24. c4 Kg6 25. Nh4+ Kf6 26. g5+ Ke7 27. f3 Bxb2
28. Rb1 Bxb1 29. gxh6 Ke6 30. Nc7+ Kd7 31. cxd5 Rf8 32. Bh2 Bxa2 33. Bb5+ Kd8
34. Ne6+ Ke7 35. Nxc5 Bb1 36. Re1+ Kf7 37. Kd2 Ba2 38. d6 Kg8 39. d7 Ba3 40. Ne6
Nb3+ 41. Kd1 Rc8 42. dxc8=Q+ Kf7 43. Ng5+ Kf6 44. Re6+ Kxg5 45. Bg3 Nd4 46. Qg8+
Kh5 47. Qg4# 1-0

[Event "Invitation"]
[Site "http://www.queenalice.com/game.php?id=138237"]
[Date "2006.12.7"]
[Round "-"]
[White "Cappy"]
[Black "ROWE"]
[Result "1-0"]
[WhiteElo "1203"]
[BlackElo "1374"]

1. e4 e5 2. d4 Nc6 3. dxe5 Nxe5 4. Be2 Nf6 5. f4 Nc6 6. e5 Ne4 7. Qd5 Qh4+ 8. g3
Qe7 9. Qxe4 g6 10. Nf3 f5 11. Qe3 d5 12. c4 b6 13. Qc3 Be6 14. cxd5 Bxd5 15. Kf2
a5 16. Rd1 Qd7 17. e6 Qg7 18. Rxd5 Nb4 19. Bb5+ c6 20. Bxc6+ Nxc6 21. Qxc6+ Ke7
22. Rd7+ 1-0

[Event "Invitation"]
[Site "http://www.queenalice.com/game.php?id=150875"]
[Date "2007.1.6"]
[Round "-"]
[White "Cappy"]
[Black "ROWE"]
[Result "1-0"]
[WhiteElo "1191"]
[BlackElo "1293"]

1. e4 e5 2. Nf3 f6 3. Bd3 d5 4. O-O c6 5. c4 d4 6. a4 Na6 7. Kh1 Nc5 8. Bc2 d3
9. Bxd3 Nxd3 10. Ra3 Nf4 11. d4 f5 12. exf5 Qg5 13. Nxg5 h6 14. Ne4 Bd7 15. dxe5
O-O-O 16. Bxf4 g5 17. Be3 b6 18. a5 Kc7 19. axb6+ axb6 20. Ra7+ Kb8 21. Qa4 Bxf5
22. Ra8+ Kc7 23. Bxb6+ Kd7 24. Bxd8 Bxe4 25. Rd1+ Ke6 26. Nc3 Bf5 27. Qxc6+ Bd6
28. Qxd6+ Kf7 29. Ra7+ Ne7 30. Qf6+ Kg8 31. Bxe7 Rh7 32. Rd8# 1-0

[Event "Invitation"]
[Site "http://www.queenalice.com/game.php?id=157763"]
[Date "2007.1.22"]
[Round "-"]
[White "ROWE"]
[Black "Cappy"]
[Result "0-1"]
[WhiteElo "1230"]
[BlackElo "1210"]

1. e4 d5 2. d3 dxe4 3. d4 Nc6 4. Be3 Nf6 5. h3 Nd5 6. g4 Nxe3 7. fxe3 e6 8. Qd2
Bd6 9. Ne2 O-O 10. Nbc3 f5 11. Ng3 Bxg3+ 12. Kd1 f4 13. Ne2 e5 14. d5 Ne7 15.
Bg2 Nxd5 16. c3 f3 17. Bf1 fxe2+ 18. Kxe2 Rf2+ 19. Kd1 Rxd2+ 20. Kxd2 Qf8 21.
Rg1 Qf2+ 22. Be2 Qxe3+ 23. Kc2 Qxe2+ 24. Kb3 Bh4 25. a4 Nf4 26. a5 a6 27. Ra4
Qb5+ 28. Ka2 Qxa4+ 29. Kb1 Be6 30. Rf1 Rd8 31. Rc1 Rd2 32. b3 Qa2# 0-1

[Event "Invitation"]
[Site "http://www.queenalice.com/game.php?id=199570"]
[Date "2007.4.20"]
[Round "-"]
[White "Cappy"]
[Black "ROWE"]
[Result "0-1"]
[WhiteElo "1214"]
[BlackElo "1183"]

1. e4 Nc6 2. Qf3 e5 3. Bc4 f6 4. Qd3 d6 5. Nf3 a6 6. Qd5 Qd7 7. Qd3 Nb4 8. Qb3
a5 9. Bxg8 d5 10. exd5 a4 11. Qc3 Rxg8 12. O-O b6 13. Qc4 b5 14. Qc3 h6 15. Re1
Bb7 16. a3 Nxd5 17. Qd3 Rh8 18. Qe4 O-O-O 19. d4 Re8 20. dxe5 f5 21. Qe2 g5 22.
g3 Rh7 23. Nc3 c6 24. Rd1 g4 25. Nd4 Rhe7 26. Nxd5 Qxd5 27. Nxf5 Rxe5 28. Rxd5
Rxe2 29. Nd6+ Bxd6 30. Rxd6 Re1+ 31. Kg2 c5+ 32. f3 Bxf3+ 0-1

[Event "Invitation"]
[Site "http://www.queenalice.com/game.php?id=208434"]
[Date "2007.5.9"]
[Round "-"]
[White "Cappy"]
[Black "ROWE"]
[Result "1-0"]
[WhiteElo "1218"]
[BlackElo "1226"]

1. f4 e6 2. g3 Nf6 3. e3 c6 4. c3 b5 5. Nf3 d5 6. Be2 a6 7. d4 Ng4 8. h3 Nf6 9.
Nfd2 g6 10. Bf1 Bh6 11. g4 g5 12. Nf3 Ne4 13. Rg1 Qf6 14. Rg2 Nd7 15. Nbd2 a5
16. fxg5 Nxg5 17. Rf2 a4 18. Qe2 Rg8 19. Nxg5 Qxg5 20. Nf3 Qg6 21. h4 Qxg4 22.
Rg2 Qh5 23. Rxg8+ Bf8 24. e4 Nf6 25. e5 Nxg8 26. Qg2 Nh6 27. Be2 Ba6 28. b4 Ng4
29. Ng5 Qxh4+ 30. Kf1 O-O-O 31. Bxg4 Bh6 32. Nf3 Qe7 33. Bxh6 Rg8 34. Qh3 Rg6
35. Kf2 f6 36. Rg1 Kc7 37. Bxe6 Rxg1 38. Kxg1 a3 39. Qf5 fxe5 40. Qxe5+ Kd8 41.
Bg5 Qxg5+ 42. Qxg5+ Kc7 43. Qe7+ Kb6 44. Ne5 h5 45. Qd6 h4 46. Kh2 Bb7 47. Kh3
Ba8 48. Nd7+ Ka7 49. Qb8+ 1-0

[Event "Invitation"]
[Site "http://www.queenalice.com/game.php?id=234871"]
[Date "2007.7.5"]
[Round "-"]
[White "Cappy"]
[Black "ROWE"]
[Result "1-0"]
[WhiteElo "1228"]
[BlackElo "1189"]

1. e4 e6 2. d4 d5 3. e5 Nc6 4. Nf3 h6 5. h3 Nge7 6. c4 f5 7. cxd5 exd5 8. Be2 g6
9. Nc3 a6 10. Qd2 g5 11. Qd3 Ng6 12. g3 Bb4 13. g4 Rf8 14. a3 Ba5 15. gxf5 Nf4
16. Qd2 Rxf5 17. h4 g4 18. Nh2 Ng2+ 19. Kf1 Nf4 20. Nxg4 h5 21. Nh6 Rf8 22. b4
Bb6 23. b5 axb5 24. Bxb5 Bxd4 25. Bxc6+ bxc6 26. Qxd4 Ne6 27. Qd1 Ba6+ 28. Kg2
Bc4 29. Kg1 Rh8 30. Qxh5+ Kd7 31. Kh2 Ng7 32. Qg4+ Ne6 33. Rg1 d4 34. Ne4 Rf8
35. Nc5+ Kc8 36. Nxe6 Rxf2+ 37. Kh3 Qd5 38. Nc5+ Kb8 39. Rb1+ Bb5 40. Nd7+ Kb7
41. Rg2 Rf3+ 42. Rg3 Ka7 43. Rxf3 Be2 44. Nf6 Bxf3 45. Nxd5 Bxg4+ 46. Nxg4 cxd5
47. Rb4 d3 48. Rd4 c5 49. Rxd3 c4 50. Rxd5 c3 51. Rc5 Rd8 52. Rxc3 Rd1 53. e6
Re1 54. Be3+ Kb8 55. e7 Rh1+ 56. Kg3 Ka8 57. e8=Q+ Kb7 58. Qc8# 1-0

[Event "Invitation"]
[Site "http://www.queenalice.com/game.php?id=251093"]
[Date "2007.8.4"]
[Round "-"]
[White "Cappy"]
[Black "ROWE"]
[Result "1-0"]
[WhiteElo "1278"]
[BlackElo "1159"]

1. g3 d5 2. e3 c6 3. c3 b5 4. a3 h5 5. b4 Nf6 6. a4 a6 7. a5 e5 8. Qe2 g6 9. h3
e4 10. d4 g5 11. f4 Be6 12. fxg5 Ng8 13. Bg2 Qxg5 14. Qf2 f6 15. Ra2 Nh6 16. Qf4
Qg6 17. Rf2 Nf5 18. Rh2 c5 19. Ne2 Kd7 20. h4 Bd6 21. Bh3 Bxf4 22. Nxf4 Qg8 23.
Nxe6 Qxe6 24. Bxf5 Re8 25. Bxe6+ Rxe6 26. Rf5 Nc6 27. Rxh5 Rd6 28. Rf2 Rg8 29.
bxc5 Re6 30. Rxd5+ Kc7 31. Rdf5 Ne7 32. Rxf6 Rc6 33. Rxc6+ Kxc6 34. Rf6+ Kc7 35.
Rxa6 Kb7 36. Re6 Nd5 37. a6+ Ka7 38. Rxe4 Rxg3 39. Re6 Rg1+ 40. Kd2 Rg2+ 41. Kd3
Rg1 42. Kc2 Nb4+ 43. cxb4 Rg2+ 44. Kb3 Rg3 45. Re7+ Kxa6 46. c6 Rg8 47. e4 Rg1
48. Kc2 Rg2+ 49. Nd2 Rg6 50. d5 Rf6 51. Re8 Rf7 52. d6 Kb6 53. Rc8 Rb7 54. d7
1-0

[Event "Invitation"]
[Site "http://www.queenalice.com/game.php?id=259655"]
[Date "2007.8.22"]
[Round "-"]
[White "Cappy"]
[Black "ROWE"]
[Result "0-1"]
[WhiteElo "1289"]
[BlackElo "1137"]

1. e4 d6 2. c3 Nf6 3. Qe2 c6 4. e5 Bg4 5. f3 Bf5 6. exf6 gxf6 7. g3 Rg8 8. Bh3
Qa5 9. b3 Rg5 10. g4 Be6 11. Bg2 Bd5 12. Nh3 Re5 13. b4 Qb5 14. a4 Qxe2# 0-1

[Event "Invitation"]
[Site "http://www.queenalice.com/game.php?id=263148"]
[Date "2007.8.29"]
[Round "-"]
[White "Cappy"]
[Black "ROWE"]
[Result "1-0"]
[WhiteElo "1292"]
[BlackElo "1177"]

1. g3 d5 2. Nf3 c5 3. d3 Bf5 4. h3 e6 5. Bg2 Nc6 6. O-O Bg6 7. c3 Bd6 8. Bf4 e5
9. Be3 h5 10. Qa4 Rh6 11. d4 e4 12. Nh4 Qa5 13. Qxa5 Nxa5 14. dxc5 Be7 15. b3 b5
16. Rd1 Rd8 17. Bxh6 Nxh6 18. Nxg6 fxg6 19. Na3 a6 20. Rd2 Bxc5 21. b4 Bb6 22.
bxa5 Bxa5 23. Rdd1 b4 24. cxb4 Bxb4 25. Nb1 Rd7 26. Rc1 Kd8 27. Nc3 Rc7 28. Nxd5
Rb7 29. Nxb4 Rxb4 30. Rc6 Nf7 31. Rd1+ Ke8 32. Rxa6 Kf8 33. Ra7 Kg8 34. f3 g5
35. Rdd7 Ne5 36. Rxg7+ 1-0

[Event "Invitation"]
[Site "http://www.queenalice.com/game.php?id=273163"]
[Date "2007.9.18"]
[Round "-"]
[White "Cappy"]
[Black "ROWE"]
[Result "1-0"]
[WhiteElo "1319"]
[BlackElo "1158"]

1. f4 g6 2. g3 e6 3. Nh3 d5 4. Bg2 h5 5. e3 c5 6. O-O c4 7. d3 b5 8. d4 Nc6 9.
b3 Nf6 10. bxc4 bxc4 11. c3 Qb6 12. Rf2 Ng4 13. Re2 Qc7 14. e4 e5 15. fxe5 Bd7
16. Ng5 Rh7 17. Nxh7 Be7 18. h3 Nh6 19. Bxh6 O-O-O 20. exd5 Na5 21. d6 Bxd6 22.
exd6 Qxd6 23. Bf4 Qc6 24. Bxc6 Nxc6 25. Qa4 a5 26. Qxc4 Be6 27. Qxc6# 1-0

[Event "Invitation"]
[Site "http://www.queenalice.com/game.php?id=280894"]
[Date "2007.10.4"]
[Round "-"]
[White "Cappy"]
[Black "ROWE"]
[Result "1-0"]
[WhiteElo "1328"]
[BlackElo "1143"]

1. g3 d5 2. e3 e5 3. Bg2 Be6 4. Bh3 f5 5. Nf3 Nc6 6. Ng5 Qxg5 7. Nc3 Qh6 8. Bg2
e4 9. Nb5 Kd8 10. d3 a6 11. Nd4 Nf6 12. Nxe6+ Kc8 13. Nxf8 Rxf8 14. f3 Qh5 15.
fxe4 fxe4 16. Qxh5 Nxh5 17. Bh3+ Kb8 18. b3 Nb4 19. Ba3 Nxc2+ 20. Ke2 Nxa3 21.
d4 Ka7 22. Bg4 Nf6 23. Be6 Rfe8 24. Bf5 g6 25. Bh3 Rac8 26. Rhf1 Nc2 27. Rac1
Nb4 28. Rxf6 Rcd8 29. Rxc7 a5 30. a3 Na6 31. Rxh7 Rb8 32. Rxg6 Rh8 33. Rgg7 Rhf8
34. Bf1 Rfc8 35. Kf2 Nc7 36. Kg1 Ne6 37. Rg4 Rf8 38. Rd7 Rf3 39. Rxd5 b6 40. Re5
Nc7 41. Rexe4 Rbf8 42. Bc4 b5 43. Be2 Rf2 44. Bd3 Rf1+ 45. Bxf1 Re8 46. Rxe8
Nxe8 47. Bxb5 Nc7 48. Rg7 Kb6 49. Bc4 a4 50. Rg6+ Kb7 51. bxa4 Ka7 52. h4 1-0

[Event "Invitation"]
[Site "http://www.queenalice.com/game.php?id=297048"]
[Date "2007.11.2"]
[Round "-"]
[White "Cappy"]
[Black "ROWE"]
[Result "1-0"]
[WhiteElo "1351"]
[BlackElo "1130"]

1. g3 d5 2. e3 e6 3. b3 Bd7 4. Qf3 Nf6 5. Nc3 Bc6 6. Bb5 a6 7. Bxc6+ bxc6 8. a4
g5 9. g4 a5 10. d3 Bb4 11. Bb2 Na6 12. Kf1 Qe7 13. Nb5 h6 14. Bxf6 Qf8 15. Bxh8
Qxh8 16. d4 Qh7 17. Qf6 cxb5 18. axb5 Nb8 19. Rc1 Nd7 20. Qf3 O-O-O 21. c3 Ba3
22. Ra1 Bd6 23. Rxa5 Nb6 24. c4 Rf8 25. c5 Qd3+ 26. Kg2 Be7 27. cxb6 cxb6 28.
Ra7 Kd8 29. Nh3 Qxb5 30. Rc1 Ke8 31. Rc8+ Bd8 32. Qf6 1-0

[Event "Invitation"]
[Site "http://www.queenalice.com/game.php?id=307229"]
[Date "2007.11.20"]
[Round "-"]
[White "Cappy"]
[Black "ROWE"]
[Result "1-0"]
[WhiteElo "1328"]
[BlackElo "1120"]

1. e3 d5 2. Qe2 e6 3. Qd3 Nc6 4. Qe2 Bd7 5. f4 g6 6. Qf2 a6 7. c4 Nb4 8. Kd1 c6
9. a3 c5 10. axb4 cxb4 11. cxd5 exd5 12. d3 b3 13. Nd2 Bb4 14. Nxb3 Bg4+ 15. Nf3
Rc8 16. Bd2 Qb6 17. Ke2 Rc2 18. h3 Be6 19. Rb1 Rxd2+ 20. Nfxd2 Qc6 21. g4 h6 22.
Bg2 Nf6 23. Rhc1 Qd7 24. Qg3 O-O 25. f5 gxf5 26. gxf5+ Kh8 27. fxe6 fxe6 28. Rc7
Qb5 29. Qg7# 1-0

[Event "Invitation"]
[Site "http://www.queenalice.com/game.php?id=316454"]
[Date "2007.12.7"]
[Round "-"]
[White "Cappy"]
[Black "ROWE"]
[Result "1-0"]
[WhiteElo "1351"]
[BlackElo "1110"]

1. Nf3 d5 2. c3 e6 3. Qa4+ Bd7 4. Qc2 c5 5. e4 dxe4 6. Qxe4 Bc6 7. Qe3 g6 8. Qf4
h6 9. Na3 g5 10. Qe3 b6 11. h3 Nf6 12. Qe5 Qe7 13. b4 Bg7 14. Bb5 Nbd7 15. Qc7
Bxb5 16. Nxb5 O-O 17. bxc5 Nd5 18. Qg3 bxc5 19. Rb1 a6 20. Nbd4 cxd4 21. cxd4 f5
22. O-O f4 23. Qh2 Rac8 24. h4 g4 25. Ne5 Nxe5 26. dxe5 Bxe5 27. Qh1 Qc5 28. Bb2
Bc7 29. Rbe1 Rce8 30. g3 Ba5 31. Qe4 Rf6 32. Rc1 Qb5 33. Rb1 Bxd2 34. gxf4 Rxf4
35. Qg6+ Kf8 36. Qg7# 1-0

[Event "Invitation"]
[Site "http://www.queenalice.com/game.php?id=325696"]
[Date "2007.12.26"]
[Round "-"]
[White "Cappy"]
[Black "ROWE"]
[Result "1-0"]
[WhiteElo "1370"]
[BlackElo "1102"]

1. f4 e5 2. fxe5 d6 3. exd6 Bxd6 4. e3 Nf6 5. Qf3 h5 6. b3 Qe7 7. Bb2 c6 8. a4
Qe4 9. Qxe4+ Nxe4 10. Bxg7 Rg8 11. Bc3 a5 12. Bb2 Nd7 13. Nc3 f5 14. Nf3 Ne5 15.
d3 Ng4 16. dxe4 Nxe3 17. Kd2 Bc5 18. exf5 Ng4 19. Bc4 Rf8 20. Rhe1+ Kd8 21. Be6
Bb4 22. Ba3 Rxf5 23. Bxf5 Bxf5 24. Bxb4 axb4 25. Na2 Rc8 26. Nxb4 c5 27. Nd5 Rc6
28. h3 Rd6 29. Kc3 Rxd5 30. Rad1 Rd7 31. Rxd7+ Kxd7 32. hxg4 Bxc2 33. gxh5 Bf5
34. b4 b6 35. bxc5 Bg4 36. Ne5+ Kc7 37. Nxg4 bxc5 38. h6 Kb6 39. h7 Ka5 40. h8=Q
Kxa4 41. Rb1 1-0

[Event "Invitation"]
[Site "http://www.queenalice.com/game.php?id=349642"]
[Date "2008.2.7"]
[Round "-"]
[White "Cappy"]
[Black "ROWE"]
[Result "1-0"]
[WhiteElo "1356"]
[BlackElo "1096"]

1. e3 d5 2. Qf3 e6 3. e4 dxe4 4. Qxe4 Nf6 5. Qe2 g5 6. b3 Bc5 7. Qf3 b6 8. Qxa8
Qd4 9. c3 Qxf2+ 10. Kd1 Qxf1+ 11. Kc2 e5 12. Qf3 Qb5 13. Qxf6 Be7 14. Qxh8+ Kd7
15. Qxh7 f6 16. Ba3 c5 17. Nh3 Ba6 18. c4 Qc6 19. Rg1 f5 20. Qxf5+ Kd8 21. Qxe5
Nd7 22. Qe3 g4 23. Nf4 Qd6 24. Nc3 Qe5 25. Rge1 Bd6 26. Qxe5 Bxe5 27. g3 Bd4 28.
Ncd5 Bb7 29. Bb2 Bf2 30. Re2 Bd4 31. Bxd4 cxd4 32. Rae1 Ne5 33. Rxe5 Bc6 34. Rg5
Kc8 35. Re7 1-0

[Event "Invitation"]
[Site "http://www.queenalice.com/game.php?id=369739"]
[Date "2008.3.12"]
[Round "-"]
[White "Cappy"]
[Black "ROWE"]
[Result "1-0"]
[WhiteElo "1400"]
[BlackElo "1090"]

1. e3 e5 2. Nf3 d6 3. Be2 h6 4. c3 c5 5. O-O e4 6. Ne1 Nf6 7. Qb3 b6 8. d4 a6 9.
f3 d5 10. fxe4 c4 11. Qc2 dxe4 12. Bxc4 b5 13. Bb3 Nc6 14. a4 b4 15. cxb4 Nxb4
16. Qc4 Nd3 17. Qxf7# 1-0

[Event "Invitation"]
[Site "http://www.queenalice.com/game.php?id=373625"]
[Date "2008.3.19"]
[Round "-"]
[White "Cappy"]
[Black "ROWE"]
[Result "1-0"]
[WhiteElo "1385"]
[BlackElo "1086"]

1. e3 d5 2. Qf3 e6 3. Be2 Bd7 4. Nh3 Bd6 5. e4 Nf6 6. O-O dxe4 7. Qe3 O-O 8. d3
exd3 9. cxd3 Nd5 10. Qd2 e5 11. Bf3 c6 12. Re1 Qb6 13. Be2 Qd4 14. Bf1 Bc5 15.
Qc2 Na6 16. Be3 Qg4 17. Bxc5 Rfe8 18. Re4 Qf5 19. g4 Qf6 20. Ba3 b5 21. b3 g6
22. Nc3 c5 23. Nxd5 Qd6 24. Nc3 b4 25. Nb5 Rab8 26. Nxd6 Re6 27. Bb2 f6 28. d4
Rxd6 29. Qc4+ Be6 30. Qxa6 Rxa6 31. Bxa6 Bd5 32. Bc4 Rd8 33. Bxd5+ Rxd5 34. dxe5
Rd2 35. Rb1 a5 36. exf6 Rd8 37. Rc1 Rc8 38. Ng5 Rf8 39. Re7 h6 40. Nh7 Rf7 41.
Rxf7 Kxf7 42. Rd1 g5 43. Rd7+ Kg8 44. f7+ 1-0

[Event "Invitation"]
[Site "http://www.queenalice.com/game.php?id=387442"]
[Date "2008.4.14"]
[Round "-"]
[White "Cappy"]
[Black "ROWE"]
[Result "1-0"]
[WhiteElo "1372"]
[BlackElo "1082"]

1. e3 d5 2. Bb5+ c6 3. Be2 e5 4. Nf3 Bd6 5. b3 e4 6. Ng1 f5 7. d3 Qh4 8. g3 Qg5
9. h4 Qf6 10. d4 b5 11. Na3 b4 12. Nb1 a5 13. Bb2 Nh6 14. c3 O-O 15. Qc1 Bd7 16.
cxb4 a4 17. Nc3 Ra6 18. Bxa6 Nxa6 19. Nxa4 Nxb4 20. Ne2 Nd3+ 21. Kd2 Nxc1 22.
Raxc1 Ng4 23. Nb6 Nxf2 24. Nxd7 Qf7 25. Rhf1 Nd3 26. Rxc6 Qxd7 27. Rc2 Bb4+ 28.
Bc3 Bd6 29. a4 Qc7 30. Nf4 Qc6 31. Nxd3 exd3 32. Kxd3 Qa6+ 33. Kd2 Qxf1 34. a5
Bxg3 35. Ra2 Qe1+ 36. Kd3 Rc8 37. Bxe1 Bxe1 38. a6 Rc3+ 39. Ke2 Bxh4 40. a7 Rc8
41. a8=Q Rxa8 42. Rxa8+ Kf7 43. b4 Bg5 44. b5 Kg6 45. Kf3 h5 46. b6 h4 47. b7 h3
48. b8=Q Bf6 49. Kg3 f4+ 50. exf4 Bxd4 51. Kxh3 Be3 52. Kg4 d4 53. f5+ Kf6 54.
Qb6+ Ke5 55. Qe6# 1-0

[Event "Invitation"]
[Site "http://www.queenalice.com/game.php?id=424228"]
[Date "2008.6.28"]
[Round "-"]
[White "Cappy"]
[Black "ROWE"]
[Result "1-0"]
[WhiteElo "1371"]
[BlackElo "1073"]

1. f3 e5 2. e3 Nc6 3. d4 exd4 4. exd4 Qh4+ 5. g3 Qxd4 6. Nh3 Qxd1+ 7. Kxd1 d6 8.
Bg2 Bf5 9. g4 Bg6 10. c3 d5 11. Na3 a6 12. Re1+ Be7 13. Bf4 Rc8 14. Nc2 d4 15.
cxd4 Nb4 16. Nxb4 Kf8 17. Nd5 Bd8 18. Nf2 c6 19. Bd6+ Ne7 20. Nxe7 Ba5 21. Nxc8+
1-0

[Event "Invitation"]
[Site "http://www.queenalice.com/game.php?id=434385"]
[Date "2008.7.16"]
[Round "-"]
[White "Cappy"]
[Black "ROWE"]
[Result "1-0"]
[WhiteElo "1376"]
[BlackElo "1069"]

1. d3 d5 2. Nf3 e6 3. e4 dxe4 4. dxe4 Bb4+ 5. c3 Ba5 6. b4 Bb6 7. Qe2 c6 8. Bb2
g5 9. c4 g4 10. Nfd2 c5 11. Bxh8 Nf6 12. Bxf6 Qxf6 13. Qxg4 Qg6 14. Qxg6 hxg6
15. bxc5 Bxc5 16. Be2 e5 17. Nf3 f6 18. O-O g5 19. Nc3 a5 20. Rfd1 Be6 21. Rd2
Nc6 22. Na4 Bb4 23. Rd6 Bxd6 24. Rd1 O-O-O 25. c5 Be7 26. Rxd8+ Kxd8 27. Bb5 Nb4
28. a3 Nc2 29. Nc3 Bxc5 30. a4 Bb4 31. Nd1 Bc5 32. Nd2 Bg4 33. Nb3 Bb6 34. Nc3
Nb4 35. Nd5 Ba7 36. Nxf6 Nd3 37. Bxd3 b6 38. Nxg4 Bb8 39. Nd2 Bd6 40. Bb5 Kc8
41. Nh6 Bc5 42. Nc4 Kc7 43. Nxe5 Bd6 44. Nc4 Bc5 45. e5 Kd8 46. Nf7+ Kc7 47.
Nxg5 Be7 48. h4 Bc5 49. e6 Kd8 50. Ne5 Bd6 51. Ngf7+ Ke7 52. h5 Bxe5 53. Nxe5
Kxe6 54. Ng4 Kf7 55. Ne3 Kg7 56. f3 Kh6 57. g4 Kg5 58. Nd5 Kh4 59. Kf2 Kg5 60.
Nxb6 Kh6 61. Nc4 Kh7 62. Nxa5 Kg8 63. Nc6 Kf7 64. a5 Ke6 65. a6 Kf6 66. a7 Kg5
67. a8=Q Kf6 68. Qe8 Kg5 69. Kg3 Kh6 70. Qg6# 1-0

[Event "Invitation"]
[Site "http://www.queenalice.com/game.php?id=469127"]
[Date "2008.9.27"]
[Round "-"]
[White "Cappy"]
[Black "ROWE"]
[Result "1-0"]
[WhiteElo "1341"]
[BlackElo "1065"]

1. e3 d5 2. Qf3 e6 3. Nc3 Bb4 4. a3 Bd6 5. Nh3 Nf6 6. d4 O-O 7. Nd1 b6 8. c4 Bb7
9. Nc3 Qc8 10. cxd5 e5 11. Ne4 Be7 12. dxe5 Ng4 13. b4 b5 14. Qg3 Qd7 15. Nc3 f5
16. Bxb5 Qd8 17. Nf4 a6 18. Bc4 Nxe5 19. Bb2 Nxc4 20. Nd1 h6 21. Qxg7# 1-0

[Event "Invitation"]
[Site "http://www.queenalice.com/game.php?id=475699"]
[Date "2008.10.10"]
[Round "-"]
[White "Cappy"]
[Black "ROWE"]
[Result "1-0"]
[WhiteElo "1326"]
[BlackElo "1060"]

1. e3 d5 2. Nh3 Bxh3 3. gxh3 e6 4. Bd3 Nc6 5. Nc3 h6 6. O-O Qg5+ 7. Qg4 Qe7 8.
Qg2 O-O-O 9. b3 g6 10. a4 Qh4 11. Qg3 Qe7 12. Bb2 d4 13. Nd1 e5 14. Re1 a6 15.
exd4 Bg7 16. dxe5 Nb4 17. Rc1 a5 18. Re3 Qe6 19. Re2 Re8 20. Bc4 c6 21. Bxe6+
Rxe6 22. f4 Ne7 23. Nf2 Nf5 24. Qc3 b6 25. Nd3 Na2 26. Qc4 b5 27. axb5 Nh4 28.
b6 Kd7 29. Nc5+ Ke7 30. Qa6 Nf3+ 31. Kh1 Nxe5 32. fxe5 Rd8 33. d3 Kf8 34. Rf1
Nb4 35. Qc4 h5 36. Qxe6 Kg8 37. Qxf7+ Kh7 38. Ne6 1-0